Jazyk politického populizmu v nemecky hovoriacich krajinách

Pojem populizmus. Populistické politické strany v nemecky hovoriacich krajinách. Jazyk populistov v nemecky hovoriacich krajinách.

Gespeichert in:
Bibliographische Detailangaben
1. Verfasser: Štefančík, Radoslav, 1976-
Format: Buchkapitel
Sprache:Slowakisch
Schlagworte:
Tags: Tag hinzufügen
Keine Tags, Fügen Sie das erste Tag hinzu!

MARC

LEADER 00000nla a2200000 4500
001 0234927
005 20240502073815.6
041 0 |a slo 
044 |a SK 
245 1 0 |a Jazyk politického populizmu v nemecky hovoriacich krajinách  |c Radoslav Štefančík 
520 |a Pojem populizmus. Populistické politické strany v nemecky hovoriacich krajinách. Jazyk populistov v nemecky hovoriacich krajinách. 
610 2 0 |a jazyky cudzie 
610 2 0 |a nemčina 
610 2 0 |a politika 
610 2 0 |a strany politické 
610 2 0 |a Nemecko 
610 2 0 |a Švajčiarsko 
610 2 0 |a Rakúsko 
100 1 |a Štefančík, Radoslav, 1976-